000
00284nam a2200109Ia 4500
008
230907s9999||||xx |||||||||||||| ||und||
082
_a
621.3192
_b
DOR
245
0
_a
Dorf's introduction to electric circuits /
260
_a
Wiley,
_b
New Jersey :
_c
2018
300
_a
886 p.
942
_c
BK
999
_c
600424
_d
600424